[Event "FIDE World Blitz 2014"]
[Site "Dubai UAE"]
[Date "2014.06.19"]
[Round "9.48"]
[White "Suhail, Abdurahim"]
[Black "Fier, Alexandr"]
[Result "0-1"]
[WhiteTitle "CM"]
[BlackTitle "GM"]
[WhiteElo "2239"]
[BlackElo "2580"]
[WhiteFideId "9300228"]
[BlackFideId "2107139"]
[EventDate "2014.06.19"]

1. Nc3 Nf6 2. e4 d5 3. e5 Nfd7 4. d4 Nc6 5. f4 Nb6 6. Nf3 Bg4 7. Be2 e6 8. O-O
Be7 9. h3 Bxf3 10. Bxf3 O-O 11. b3 f5 12. a4 Nb4 13. Ne2 c5 14. Kh2 Nc6 15. c3
Rc8 16. a5 Nd7 17. a6 b5 18. Be3 cxd4 19. Bxd4 Nc5 20. Bxc5 Bxc5 21. Nd4 Bxd4
22. cxd4 Qb6 23. Qd3 Nxd4 24. Rfd1 Nxf3+ 25. Qxf3 Rc2 26. b4 Rfc8 27. Ra3 Qf2
28. Qxf2 Rxf2 29. Ra5 Rb8 30. Kg3 Rc2 31. Rd3 Rc4 32. Rb3 Kf7 33. Kf3 Ke7 34. g4
g6 35. gxf5 gxf5 36. Kg3 Kd7 37. Ra1 Kc6 38. Rf3 Rg8+ 39. Kh4 Rxb4 40. Rc1+ Rc4
41. Ra1 d4 42. Rb1 Rc3 43. Rf2 Rc5 44. Rd1 Kd5 45. Rfd2 Rc4 46. Rb1 b4 47. Ra2
d3 48. Ra5+ Kd4 49. Rb5 d2 50. Rb7 Kc3 51. Rxa7 Rxf4+ 52. Kh5 Kc2 53. Ra1 d1=Q+ 0-1

[Event "FIDE World Blitz 2014"]
[Site "Dubai UAE"]
[Date "2014.06.19"]
[Round "9.49"]
[White "Aleksandrov, Aleksej"]
[Black "Omar, Noaman"]
[Result "1-0"]
[WhiteTitle "GM"]
[BlackTitle "IM"]
[WhiteElo "2554"]
[BlackElo "2366"]
[WhiteFideId "13500139"]
[BlackFideId "9300244"]
[EventDate "2014.06.19"]

1. d4 Nf6 2. c4 e6 3. Nc3 Bb4 4. e3 O-O 5. Ne2 Re8 6. Qc2 d5 7. cxd5 exd5 8. g3
c6 9. Bg2 a5 10. O-O Na6 11. Bd2 Bf8 12. Rad1 g6 13. f3 Nc7 14. e4 1-0

[Event "FIDE World Blitz 2014"]
[Site "Dubai UAE"]
[Date "2014.06.19"]
[Round "10.2"]
[White "Lu, Shanglei"]
[Black "Meier, Georg"]
[Result "1/2-1/2"]
[WhiteTitle "GM"]
[BlackTitle "GM"]
[WhiteElo "2546"]
[BlackElo "2632"]
[WhiteFideId "8603332"]
[BlackFideId "4675789"]
[EventDate "2014.06.19"]

1. e4 e6 2. d4 d5 3. Nd2 dxe4 4. Nxe4 Nd7 5. Nf3 Ngf6 6. Bg5 Be7 7. Nxf6+ Bxf6
8. h4 O-O 9. Bd3 c5 10. Qe2 cxd4 11. Bxf6 Qa5+ 12. Qd2 Qxd2+ 13. Kxd2 Nxf6 14.
Nxd4 Rd8 15. Nf3 b6 16. a3 Bb7 17. Ke2 Kf8 18. Rad1 Ke7 19. Rhe1 h6 20. g3 Ne4
21. Ne5 Rac8 22. c3 Rc5 23. Ng4 Rc7 24. Ne3 Nc5 25. Bc2 Rcd7 26. Rxd7+ Rxd7 27.
Rd1 Rxd1 28. Nxd1 g5 29. hxg5 hxg5 30. Ke3 f6 31. c4 Nd7 32. Nc3 Ne5 33. b3 Ng4+
34. Ke2 Ne5 35. Be4 Bxe4 36. Nxe4 g4 37. Ke3 f5 38. Nc3 Nc6 39. Nb5 Kd7 40. b4
Ne5 41. Kd4 Nc6+ 42. Kc3 e5 43. Kd3 a5 44. Kc3 f4 45. c5 axb4+ 46. axb4 bxc5 47.
bxc5 Ke6 48. Kc4 Na5+ 49. Kb4 Nc6+ 50. Kc4 Na5+ 51. Kb4 Nc6+ 52. Kc4 Na5+ 53.
Kb4 Nc6+ 1/2-1/2

[Event "FIDE World Blitz 2014"]
[Site "Dubai UAE"]
[Date "2014.06.19"]
[Round "10.5"]
[White "Aronian, Levon"]
[Black "Sargissian, Gabriel"]
[Result "1/2-1/2"]
[WhiteTitle "GM"]
[BlackTitle "GM"]
[WhiteElo "2815"]
[BlackElo "2686"]
[WhiteFideId "13300474"]
[BlackFideId "13300881"]
[EventDate "2014.06.19"]

1. d4 d5 2. c4 e6 3. Nf3 Nf6 4. Nc3 Be7 5. Bg5 h6 6. Bh4 O-O 7. e3 Ne4 8. Bxe7
Qxe7 9. Rc1 Nxc3 10. Rxc3 c6 11. Bd3 Nd7 12. O-O e5 13. Nxe5 Nxe5 14. dxe5 dxc4
15. Bxc4 Qxe5 16. Qd4 Qxd4 17. exd4 Rd8 18. Rd1 Be6 19. Bxe6 fxe6 20. f3 Rd7 21.
Kf2 Rad8 22. Ke3 Kf7 23. Rdd3 a6 24. Rc5 Rd5 25. Rb3 R8d7 26. Rxd5 exd5 27. Kd2
Re7 28. Re3 Rxe3 29. Kxe3 g6 30. b4 b6 31. a3 Kf6 32. Kf2 Ke6 33. Ke3 Kf6 34.
Kf2 Ke6 35. Ke3 Kf6 1/2-1/2

[Event "FIDE World Blitz 2014"]
[Site "Dubai UAE"]
[Date "2014.06.19"]
[Round "10.6"]
[White "Dubov, Daniil"]
[Black "Fressinet, Laurent"]
[Result "1/2-1/2"]
[WhiteTitle "GM"]
[BlackTitle "GM"]
[WhiteElo "2614"]
[BlackElo "2717"]
[WhiteFideId "24126055"]
[BlackFideId "608742"]
[EventDate "2014.06.19"]

1. c4 c6 2. d4 d5 3. Nf3 Nf6 4. e3 Bf5 5. Nc3 e6 6. Nh4 Be4 7. f3 Bg6 8. Qb3 Qc7
9. g3 Be7 10. cxd5 cxd5 11. e4 O-O 12. e5 Nfd7 13. Nxg6 hxg6 14. Be3 Nc6 15. f4
Na5 16. Qd1 Rac8 17. Rc1 Qb6 18. Rc2 Nc4 19. Bxc4 Rxc4 20. O-O Rfc8 21. Qe2 Qa6
22. Rfc1 Bb4 23. Kf2 Nb6 24. h4 Bxc3 25. bxc3 Na4 26. Bd2 R4c6 27. Qf3 b5 28. a3
Qb6 29. h5 a5 30. hxg6 fxg6 31. Qg4 Kf7 32. f5 exf5 33. Qf3 Qd8 34. Kg2 Qd7 35.
g4 b4 36. axb4 axb4 37. c4 b3 38. Qxb3 Rxc4 39. Rxc4 dxc4 40. Qf3 Nb6 41. gxf5
gxf5 42. Bb4 Qd5 43. Bc5 Qxf3+ 44. Kxf3 Nd7 45. Rxc4 Ke6 46. Rc3 Nxc5 47. dxc5
Kxe5 48. c6 Kd6 49. Kf4 g6 50. Rg3 Rg8 51. Rc3 Rc8 52. Rg3 Rxc6 1/2-1/2

[Event "FIDE World Blitz 2014"]
[Site "Dubai UAE"]
[Date "2014.06.19"]
[Round "10.7"]
[White "Tomashevsky, Evgeny"]
[Black "Ragger, Markus"]
[Result "1-0"]
[WhiteTitle "GM"]
[BlackTitle "GM"]
[WhiteElo "2695"]
[BlackElo "2632"]
[WhiteFideId "4147235"]
[BlackFideId "1610856"]
[EventDate "2014.06.19"]

1. Nf3 Nf6 2. c4 c6 3. Nc3 d5 4. e3 e6 5. b3 Bd6 6. Bb2 O-O 7. Be2 Re8 8. d4
Nbd7 9. O-O b6 10. Rc1 Bb7 11. Re1 Qe7 12. Bf1 Rad8 13. g3 a6 14. Bg2 c5 15.
cxd5 Nxd5 16. Ne4 Bb8 17. Qc2 cxd4 18. Nxd4 Rc8 19. Qe2 N7f6 20. Nxf6+ Nxf6 21.
Nc6 Qf8 22. Bxf6 gxf6 23. Qg4+ Qg7 24. Qb4 Bxc6 25. Bxc6 Red8 26. Qxb6 f5 27.
Bb7 Ba7 28. Qxa7 Rxc1 29. Rxc1 Qb2 30. Rf1 Qxa2 31. Qb6 Rb8 32. Qc7 Rf8 33. b4
Qb2 34. Qa5 Rb8 35. Qxa6 Qxb4 36. Bf3 Qb2 37. Kg2 Kg7 38. Qd6 Rb4 39. Rd1 Qa2
40. Qd2 Rb2 41. Qd4+ Kg6 42. Rf1 Rd2 43. Qh4 Qa3 44. Bh5+ Kg7 45. Qg5+ Kf8 46.
Qf6 Qa8+ 47. Kg1 Qa7 48. Qh8+ Ke7 49. Bxf7 1-0

[Event "FIDE World Blitz 2014"]
[Site "Dubai UAE"]
[Date "2014.06.19"]
[Round "10.8"]
[White "Iturrizaga Bonelli, Eduardo"]
[Black "Moradiabadi, Elshan"]
[Result "1/2-1/2"]
[WhiteTitle "GM"]
[BlackTitle "GM"]
[WhiteElo "2653"]
[BlackElo "2586"]
[WhiteFideId "3901211"]
[BlackFideId "12501255"]
[EventDate "2014.06.19"]

1. Nf3 Nf6 2. c4 b6 3. g3 Bb7 4. Bg2 e6 5. O-O Be7 6. d4 O-O 7. Re1 a5 8. d5
exd5 9. Nh4 c6 10. cxd5 Nxd5 11. Nf5 Bb4 12. Nd2 Ne7 13. Nh4 d5 14. a3 Bd6 15.
e4 Nd7 16. exd5 cxd5 17. Nc4 Bc5 18. Bg5 f6 19. Bf4 Bc6 20. Ne3 Ne5 21. Rc1 Rc8
22. Nef5 Nxf5 23. Nxf5 1/2-1/2

[Event "FIDE World Blitz 2014"]
[Site "Dubai UAE"]
[Date "2014.06.19"]
[Round "10.10"]
[White "Cheparinov, Ivan"]
[Black "Van Wely, Loek"]
[Result "1-0"]
[WhiteTitle "GM"]
[BlackTitle "GM"]
[WhiteElo "2682"]
[BlackElo "2654"]
[WhiteFideId "2905540"]
[BlackFideId "1000268"]
[EventDate "2014.06.19"]

1. d4 Nf6 2. c4 e6 3. Nf3 d5 4. g3 dxc4 5. Bg2 a6 6. O-O Nc6 7. Bg5 Be7 8. e3
Bd7 9. Nbd2 b5 10. b3 c3 11. Bxf6 gxf6 12. Ne4 b4 13. Qc2 f5 14. Nc5 Bxc5 15.
dxc5 Qe7 16. Rad1 Qxc5 17. Qe2 Qb5 18. Qc2 O-O-O 19. a3 a5 20. axb4 axb4 21. Ra1
e5 22. Rfd1 Kb8 23. Nxe5 Qxe5 24. Rxd7 Qc5 25. Qxf5 Qxf5 26. Bxc6 Qb1+ 27. Rxb1
Rxd7 28. Ra1 Rd1+ 29. Rxd1 Ka7 30. Be4 Kb6 31. Rd4 c5 32. Rd6+ Ka5 33. Bd3 Ra8
34. Rc6 c4 35. Rxc4 Rd8 36. Rd4 Rc8 37. Rd5+ Kb6 38. Rb5+ Ka7 39. Rxb4 1-0

[Event "FIDE World Blitz 2014"]
[Site "Dubai UAE"]
[Date "2014.06.19"]
[Round "10.11"]
[White "Najer, Evgeniy"]
[Black "Karjakin, Sergey"]
[Result "0-1"]
[WhiteTitle "GM"]
[BlackTitle "GM"]
[WhiteElo "2653"]
[BlackElo "2771"]
[WhiteFideId "4118987"]
[BlackFideId "14109603"]
[EventDate "2014.06.19"]

1. e4 e5 2. Nf3 Nc6 3. Bb5 a6 4. Ba4 Nf6 5. O-O Be7 6. d3 b5 7. Bb3 O-O 8. a4 b4
9. a5 d6 10. Nbd2 h6 11. Nc4 Be6 12. c3 bxc3 13. bxc3 Qc8 14. Re1 Rd8 15. Bc2
Rb8 16. Qe2 Bf8 17. h3 Ne7 18. d4 exd4 19. Nxd4 Bxc4 20. Qxc4 c5 21. Nf3 Ng6 22.
Bd3 Rb5 23. Qa2 Rb8 24. Bc4 Qb7 25. Bd2 Re8 26. Rab1 Qa7 27. Rxb8 Rxb8 28. Qc2
Qc7 29. Ra1 Qb7 30. Qd3 Ra8 31. Rb1 Qxe4 32. Qxe4 Nxe4 33. Rb7 Ne7 34. Rb6 d5
35. Rxa6 Rb8 36. Bd3 Nxd2 37. Nxd2 c4 38. Bf1 Rb2 39. Nf3 Rb3 40. Ra8 Rxc3 41.
Ne5 Ra3 42. a6 Ra1 43. Nd7 Ng6 44. f4 c3 45. f5 c2 46. fxg6 Rxf1+ 47. Kxf1 0-1

[Event "FIDE World Blitz 2014"]
[Site "Dubai UAE"]
[Date "2014.06.19"]
[Round "10.13"]
[White "Vitiugov, Nikita"]
[Black "Anand, Viswanathan"]
[Result "0-1"]
[WhiteTitle "GM"]
[BlackTitle "GM"]
[WhiteElo "2742"]
[BlackElo "2785"]
[WhiteFideId "4152956"]
[BlackFideId "5000017"]
[EventDate "2014.06.19"]

1. d4 d5 2. c4 c6 3. Nf3 Nf6 4. e3 Bg4 5. h3 Bh5 6. Qb3 Qc7 7. Ne5 Nbd7 8. g4
Bg6 9. Nxg6 hxg6 10. Bg2 e6 11. Nc3 Be7 12. Bd2 Nb6 13. cxd5 exd5 14. Qc2 Qd7
15. O-O-O O-O-O 16. Kb1 Kb8 17. Ne2 Ne8 18. Nf4 Nd6 19. Nd3 f5 20. Bc1 Rdf8 21.
Ne5 Qe6 22. b3 Nd7 23. f4 Nxe5 24. dxe5 Ne4 25. Bf3 Rd8 26. Bb2 Rd7 27. Rdg1 Bd8
28. Rg2 Bb6 29. Qd3 Rh7 30. h4 Rd8 31. h5 gxh5 32. gxh5 Rdh8 33. Rhg1 Qe7 34.
Rg6 a6 35. e6 Rxh5 36. Bxh5 Rxh5 37. Bxg7 Rh2 38. R6g2 Rxg2 39. Rxg2 Qxe6 40.
Bd4 c5 41. Be5+ Ka7 42. a4 c4 43. bxc4 dxc4 44. Qd1 c3 45. Qc2 Qc4 46. Rg6 Bxe3
47. a5 Qb4+ 48. Ka1 Qxa5+ 49. Qa2 Qxa2+ 50. Kxa2 c2 0-1

[Event "FIDE World Blitz 2014"]
[Site "Dubai UAE"]
[Date "2014.06.19"]
[Round "10.16"]
[White "Svidler, Peter"]
[Black "Laznicka, Viktor"]
[Result "0-1"]
[WhiteTitle "GM"]
[BlackTitle "GM"]
[WhiteElo "2753"]
[BlackElo "2679"]
[WhiteFideId "4102142"]
[BlackFideId "316385"]
[EventDate "2014.06.19"]

1. e4 c6 2. d4 d5 3. e5 Bf5 4. Nf3 e6 5. Be2 Nd7 6. Nbd2 Ne7 7. O-O Bg6 8. Nb3
Nf5 9. a4 Be7 10. a5 O-O 11. Bf4 a6 12. c3 Rc8 13. h3 c5 14. dxc5 Nxc5 15. Nbd4
Nxd4 16. Nxd4 Ne4 17. f3 Nc5 18. b4 Nd7 19. Rc1 Qc7 20. c4 Bxb4 21. cxd5 Qxa5
22. dxe6 Nxe5 23. Nb3 Qb6+ 24. Qd4 Qxd4+ 25. Nxd4 Nd3 26. Bxd3 Bxd3 27. Rfd1
Rxc1 28. Rxc1 fxe6 29. Be5 Ba5 30. Kf2 b5 31. Rc6 Ra8 32. Nxe6 b4 33. Nxg7 b3
34. Nh5 Bg6 35. Nf4 Re8 36. Nxg6 hxg6 37. f4 Bb4 38. Rxg6+ Kh7 39. Rg7+ Kh6 40.
Rb7 a5 41. Bg7+ Kg6 42. g4 Re7 43. Rxe7 Bxe7 44. Bc3 Bf6 0-1

[Event "FIDE World Blitz 2014"]
[Site "Dubai UAE"]
[Date "2014.06.19"]
[Round "10.18"]
[White "Bacrot, Etienne"]
[Black "Gundavaa, Bayarsaikhan"]
[Result "1-0"]
[WhiteTitle "GM"]
[BlackTitle "GM"]
[WhiteElo "2720"]
[BlackElo "2501"]
[WhiteFideId "605506"]
[BlackFideId "4901045"]
[EventDate "2014.06.19"]

1. b3 d5 2. Bb2 c5 3. e3 Nf6 4. f4 a6 5. Nf3 Nc6 6. g3 g6 7. Bg2 Bg7 8. O-O d4
9. exd4 Nd5 10. Nc3 Bg4 11. Nxd5 Qxd5 12. Ne5 Qxg2+ 13. Kxg2 Bxd1 14. Raxd1 Nxd4
15. c3 Nf5 16. g4 Nd6 17. Rfe1 O-O-O 18. Ba3 f6 19. Nf3 f5 20. gxf5 Nxf5 21.
Bxc5 Rd3 22. Bxe7 Re8 23. Bc5 Red8 24. Bf2 b5 25. Re6 Rxc3 26. dxc3 Rxd1 27.
Rxa6 Rc1 28. Rb6 Rxc3 29. Rxb5 Rc2 30. Rc5+ Rxc5 31. Bxc5 Kb7 32. a4 Kc6 33. b4
Bh6 34. Ng5 Kd5 35. a5 Kc6 36. a6 Nh4+ 37. Kf2 Nf5 38. b5+ Kc7 39. b6+ Kc6 40.
b7 Kc7 41. Ba7 1-0

[Event "FIDE World Blitz 2014"]
[Site "Dubai UAE"]
[Date "2014.06.19"]
[Round "10.19"]
[White "Volokitin, Andrei"]
[Black "Korobov, Anton"]
[Result "0-1"]
[WhiteTitle "GM"]
[BlackTitle "GM"]
[WhiteElo "2638"]
[BlackElo "2680"]
[WhiteFideId "14107090"]
[BlackFideId "14105730"]
[EventDate "2014.06.19"]

1. e4 c5 2. Nf3 d6 3. d4 cxd4 4. Nxd4 Nf6 5. Nc3 a6 6. h3 g6 7. g4 Bg7 8. Bg2 h5
9. g5 Nfd7 10. O-O Nc6 11. Be3 O-O 12. f4 Nxd4 13. Bxd4 e5 14. fxe5 Nxe5 15. h4
Be6 16. b3 Rc8 17. Qd2 Qc7 18. Rac1 Ng4 19. Bxg7 Kxg7 20. Qd4+ Kg8 21. Ne2 d5
22. Nf4 dxe4 23. Qxe4 b5 24. Kh1 Rfe8 25. Qf3 Bf5 26. Rce1 Rxe1 27. Rxe1 Qxc2
28. Nd5 Qd2 29. Rf1 Re8 30. Qg3 Qd4 31. Qd6 Kh8 32. Qg3 Re2 33. Qd6 Kg7 34. Qg3
Rxg2 35. Qxg2 Be4 0-1

[Event "FIDE World Blitz 2014"]
[Site "Dubai UAE"]
[Date "2014.06.19"]
[Round "10.20"]
[White "Movsesian, Sergei"]
[Black "Potkin, Vladimir"]
[Result "1-0"]
[WhiteTitle "GM"]
[BlackTitle "GM"]
[WhiteElo "2672"]
[BlackElo "2621"]
[WhiteFideId "310204"]
[BlackFideId "4131061"]
[EventDate "2014.06.19"]

1. g3 d5 2. Nf3 Nf6 3. Bg2 c6 4. O-O Bg4 5. c4 e6 6. d3 Nbd7 7. Qb3 Qb6 8. Qc2
Be7 9. Nc3 O-O 10. Be3 Qa6 11. b3 Rac8 12. h3 Bh5 13. Rac1 Rfd8 14. Qb1 Bxf3 15.
exf3 Ba3 16. Rcd1 Bb4 17. Ne2 Bc5 18. Bd2 dxc4 19. dxc4 Ne5 20. Bc3 Ng6 21. f4
Rxd1 22. Rxd1 Be7 23. Qb2 Qb6 24. b4 Rd8 25. Rxd8+ Qxd8 26. Qc2 Qd7 27. a3 Nf8
28. Nd4 Bd8 29. Nf3 Bc7 30. Qb2 Qd8 31. Kh2 Ne4 32. Bd4 Bb6 33. c5 Bc7 34. Bxg7
Ng6 35. Bd4 Qd5 36. Nd2 f5 37. Nxe4 fxe4 38. Be3 Qd3 39. Qf6 1-0

[Event "FIDE World Blitz 2014"]
[Site "Dubai UAE"]
[Date "2014.06.19"]
[Round "10.22"]
[White "Bartel, Mateusz"]
[Black "Riazantsev, Alexander"]
[Result "0-1"]
[WhiteTitle "GM"]
[BlackTitle "GM"]
[WhiteElo "2641"]
[BlackElo "2692"]
[WhiteFideId "1112635"]
[BlackFideId "4125029"]
[EventDate "2014.06.19"]

1. e4 e6 2. d3 c5 3. g3 Nc6 4. Bg2 g6 5. Be3 d6 6. c3 Bg7 7. f4 Nge7 8. Nf3 O-O
9. O-O b6 10. Nbd2 Bb7 11. Bf2 Qd7 12. Qe2 f5 13. Rad1 Rae8 14. Rfe1 Kh8 15. Nc4
e5 16. fxe5 Nxe5 17. Ncxe5 dxe5 18. exf5 Nxf5 19. Ng5 Bxg2 20. Kxg2 Qd5+ 21. Ne4
Qxa2 22. g4 Qd5 23. c4 Qc6 24. gxf5 gxf5 25. Kg1 fxe4 26. dxe4 Bh6 27. Rd5 Bf4
28. Kh1 Rg8 29. Qh5 Rg5 30. Qh3 Reg8 31. Red1 Qg6 32. Re1 Rh5 0-1

[Event "FIDE World Blitz 2014"]
[Site "Dubai UAE"]
[Date "2014.06.19"]
[Round "10.24"]
[White "Safarli, Eltaj"]
[Black "Yudin, Sergei"]
[Result "0-1"]
[WhiteTitle "GM"]
[BlackTitle "GM"]
[WhiteElo "2649"]
[BlackElo "2546"]
[WhiteFideId "13402129"]
[BlackFideId "4159659"]
[EventDate "2014.06.19"]

1. e4 d6 2. d4 Nf6 3. Nc3 e5 4. Nf3 Nbd7 5. Bc4 Be7 6. O-O O-O 7. Re1 c6 8. a4
a5 9. b3 exd4 10. Nxd4 Nb6 11. Bd3 d5 12. e5 Ne8 13. Bb2 g6 14. Nce2 Ng7 15. Ng3
Nd7 16. f4 f5 17. c4 Nc5 18. cxd5 cxd5 19. Nb5 Nge6 20. Ne2 Ne4 21. Bxe4 fxe4
22. g3 Nc5 23. Nc1 g5 24. Nd6 Be6 25. f5 Rxf5 26. Nxf5 Bxf5 27. e6 Nxe6 28. Ne2
d4 29. Qc2 Rc8 30. Qd2 Bb4 31. Qd1 d3 32. Rf1 Bg4 33. Bf6 Qb6+ 34. Kg2 dxe2 35.
Qd7 0-1

[Event "FIDE World Blitz 2014"]
[Site "Dubai UAE"]
[Date "2014.06.19"]
[Round "10.25"]
[White "Vakhidov, Jahongir"]
[Black "Guseinov, Gadir"]
[Result "0-1"]
[WhiteTitle "IM"]
[BlackTitle "GM"]
[WhiteElo "2471"]
[BlackElo "2613"]
[WhiteFideId "14201801"]
[BlackFideId "13401378"]
[EventDate "2014.06.19"]

1. Nf3 g6 2. d4 Bg7 3. c4 d6 4. Nc3 Nf6 5. e3 O-O 6. Be2 Nbd7 7. O-O b6 8. d5
Bb7 9. Nd4 a5 10. b3 Nc5 11. Rb1 e5 12. dxe6 fxe6 13. Bf3 Bxf3 14. Nxf3 e5 15.
Ba3 Kh8 16. Nd5 Nxd5 17. Qxd5 Nd7 18. Rbd1 Qe7 19. h3 Rae8 20. Qc6 Nf6 21. Nd2
Qf7 22. Ne4 Nxe4 23. Qxe4 Qf5 24. Qc6 Re7 25. Rd2 Qd7 26. Qd5 Qe6 27. Rfd1 Qf5
28. Bb2 Ref7 29. a3 g5 30. b4 axb4 31. axb4 g4 32. hxg4 Qxg4 33. c5 bxc5 34.
bxc5 Rf6 35. cxd6 Rxd6 36. Qb3 Rg6 37. f3 Qxf3 38. Ba3 Bh6 39. Re1 Rfg8 40. Ree2
Rxg2+ 41. Rxg2 Bxe3+ 42. Qxe3 Rxg2+ 0-1

[Event "FIDE World Blitz 2014"]
[Site "Dubai UAE"]
[Date "2014.06.19"]
[Round "10.26"]
[White "Matlakov, Maxim"]
[Black "Amin, Bassem"]
[Result "0-1"]
[WhiteTitle "GM"]
[BlackTitle "GM"]
[WhiteElo "2689"]
[BlackElo "2635"]
[WhiteFideId "4168003"]
[BlackFideId "10601457"]
[EventDate "2014.06.19"]

1. Nf3 e6 2. g3 f5 3. Bg2 Nf6 4. O-O Be7 5. d4 O-O 6. c4 d6 7. b4 Qe8 8. Bb2 Nc6
9. b5 Nd8 10. Nbd2 Qh5 11. Qc2 Nf7 12. e4 e5 13. Rae1 f4 14. c5 Bh3 15. Qd1 Ng4
16. dxe5 Nfxe5 17. Bxe5 dxe5 18. Qb3+ Kh8 19. Qe6 Bxc5 20. Nxe5 fxg3 21. hxg3
Bxg2 22. Nxg4 0-1

[Event "FIDE World Blitz 2014"]
[Site "Dubai UAE"]
[Date "2014.06.19"]
[Round "10.27"]
[White "Mchedlishvili, Mikheil"]
[Black "Moiseenko, Alexander"]
[Result "1-0"]
[WhiteTitle "GM"]
[BlackTitle "GM"]
[WhiteElo "2632"]
[BlackElo "2707"]
[WhiteFideId "13600966"]
[BlackFideId "14102560"]
[EventDate "2014.06.19"]

1. Nf3 Nf6 2. g3 b5 3. Bg2 Bb7 4. O-O e6 5. d3 d5 6. Nbd2 Be7 7. e4 c5 8. e5
Nfd7 9. Re1 Nc6 10. Qe2 g5 11. h3 h5 12. Nf1 g4 13. hxg4 hxg4 14. N3h2 Ncxe5 15.
Nxg4 Nxg4 16. Qxg4 Qb6 17. a4 b4 18. a5 Qd6 19. c4 Bf6 20. Bf4 e5 21. Bd2 O-O-O
22. a6 Bc6 23. Ne3 dxc4 24. Nxc4 Qc7 25. Be4 Kb8 26. Be3 Rdg8 27. Qf3 Bxe4 28.
Qxe4 Rh4 29. Qd5 e4 30. Kf1 Rh1+ 31. Ke2 exd3+ 32. Qxd3 Rxe1+ 33. Rxe1 Ne5 34.
Nxe5 Bxe5 35. Rc1 Bd6 36. Qd5 Re8 37. Kf1 Re5 38. Qf3 f5 39. Rd1 Re8 40. Qd5
Bxg3 41. Bxc5 Be5 42. Re1 f4 43. Rxe5 Rxe5 44. Qg8+ 1-0

[Event "FIDE World Blitz 2014"]
[Site "Dubai UAE"]
[Date "2014.06.19"]
[Round "10.29"]
[White "Durarbayli, Vasif"]
[Black "Kasimdzhanov, Rustam"]
[Result "0-1"]
[WhiteTitle "GM"]
[BlackTitle "GM"]
[WhiteElo "2590"]
[BlackElo "2700"]
[WhiteFideId "13402935"]
[BlackFideId "14200244"]
[EventDate "2014.06.19"]

1. e4 e6 2. d4 d5 3. Nd2 c5 4. Ngf3 Nc6 5. exd5 exd5 6. Bb5 Bd6 7. Qe2+ Ne7 8.
dxc5 Bxc5 9. Nb3 Bd6 10. Be3 O-O 11. O-O-O a6 12. Bd3 Nb4 13. Kb1 Nxd3 14. Rxd3
Bf5 15. Rd2 Rc8 16. Nfd4 Bg6 17. h4 h6 18. h5 Bh7 19. g4 Nc6 20. g5 hxg5 21. h6
Bg6 22. Nxc6 bxc6 23. hxg7 Kxg7 24. Bd4+ f6 25. Qxa6 c5 26. Bc3 d4 27. Ba5 Qd7
28. Qc4 Rfe8 29. a4 Qc6 30. Rdd1 Qb7 31. Bd2 Rb8 32. Rh3 g4 33. Rd3 Bf7 34. Qb5
Qxb5 35. axb5 Bc4 36. Rg1 Bxd3 37. cxd3 f5 38. f3 Rxb5 39. Na5 Bh2 40. Rg2 g3
41. Nc4 Rh8 42. Bf4 Rh3 43. Kc2 Kf6 44. Be5+ Ke6 45. Re2 Kd7 46. Bd6 g2 47. Re7+
Kd8 48. Rg7 g1=Q 49. Be7+ Kd7 50. Rxg1 Bxg1 51. Bf8 Rh2+ 52. Kc1 Be3+ 53. Kb1
Ke6 54. Bd6 f4 55. Bc7 Rf2 56. Ka2 Rxf3 57. Ka3 Rb7 58. Bd8 Rf1 0-1

[Event "FIDE World Blitz 2014"]
[Site "Dubai UAE"]
[Date "2014.06.19"]
[Round "10.30"]
[White "Sokolov, Ivan"]
[Black "Nielsen, Peter Heine"]
[Result "1-0"]
[WhiteTitle "GM"]
[BlackTitle "GM"]
[WhiteElo "2650"]
[BlackElo "2654"]
[WhiteFideId "14400030"]
[BlackFideId "1400355"]
[EventDate "2014.06.19"]

1. d4 Nf6 2. Nf3 d5 3. Bf4 c5 4. c3 Qb6 5. Qc1 Nc6 6. e3 Nh5 7. Be5 Nf6 8. Bxf6
gxf6 9. Nbd2 e6 10. Be2 cxd4 11. exd4 Bg7 12. Nf1 Bd7 13. Ng3 h5 14. h4 Bh6 15.
Qc2 Bf4 16. Nf1 O-O-O 17. g3 Bh6 18. N1d2 Kb8 19. a4 Qc7 20. a5 e5 21. Nb3 e4
22. Nh2 Rhg8 23. Bxh5 Bc8 24. Nc5 f5 25. b4 f4 26. g4 f3 27. g5 Bf8 28. Bg4 f5
29. Bxf3 exf3 30. Nxf3 Qf4 31. Qd3 Bxc5 32. bxc5 Rde8+ 33. Kf1 Qg4 34. a6 f4 35.
Nd2 Bf5 36. Qf3 Qxf3 37. Nxf3 Be4 38. Rh3 Rh8 39. axb7 Kxb7 40. Nd2 Bf5 41. Rh2
Bd3+ 42. Kg1 Re2 43. Nf3 Be4 44. Ne1 a5 45. h5 Kc7 46. g6 Rg8 47. f3 Rxh2 48.
Kxh2 Bf5 49. Ng2 Bc2 50. Nxf4 a4 51. Nxd5+ Kb7 52. Nf6 Ra8 53. g7 Ne7 54. d5 1-0

[Event "FIDE World Blitz 2014"]
[Site "Dubai UAE"]
[Date "2014.06.19"]
[Round "10.32"]
[White "Salem, A.R. Saleh"]
[Black "Lenic, Luka"]
[Result "1-0"]
[WhiteTitle "GM"]
[BlackTitle "GM"]
[WhiteElo "2581"]
[BlackElo "2659"]
[WhiteFideId "9301348"]
[BlackFideId "14603853"]
[EventDate "2014.06.19"]

1. d4 Nf6 2. c4 e6 3. Nf3 b6 4. a3 Bb7 5. Nc3 d5 6. Qc2 Be7 7. cxd5 Nxd5 8. Bd2
O-O 9. e4 Nxc3 10. Bxc3 Nd7 11. O-O-O Rc8 12. h4 c5 13. d5 exd5 14. exd5 Bf6 15.
Ng5 Bxg5+ 16. hxg5 Qxg5+ 17. f4 Qg6 18. Bd3 f5 19. g4 Qxg4 20. Qh2 Nf6 21. Rdg1
h6 22. Rxg4 Nxg4 23. Qh5 Nf2 24. Rg1 Nxd3+ 25. Kd2 Rf7 26. Qxh6 Rcc7 27. d6 1-0